[Event "Ruhrgebiet Verbandsbezirksliga Gr 1"]
[Site "Ruhrgebiet"]
[Date "2018.10.28"]
[Round "2.6"]
[White "Schreiber, Alfred"]
[Black "Schwinde, Helmut"]
[Result "1-0"]
[WhiteElo "1729"]
[BlackElo "1360"]
[PlyCount "45"]
[EventDate "2018.09.30"]
[EventType "team-tourn"]
[EventRounds "9"]
[EventCountry "GER"]
[SourceTitle "EXT 2022"]
[Source "ChessBase"]
[SourceDate "2021.10.06"]
[SourceVersion "1"]
[SourceVersionDate "2021.10.06"]
[SourceQuality "1"]
[WhiteTeam "Werne SK"]
[BlackTeam "Hamm Koenigsspringer II"]
[WhiteTeamCountry "GER"]
[BlackTeamCountry "GER"]

1. c4 c5 2. Nc3 g6 3. g3 Bg7 4. Bg2 d6 5. d3 e6 6. e3 Bxc3+ 7. bxc3 Qb6 8. Ne2 Nf6 9. 0-0 0-0 10. Qc2 Nc6 11. Rb1 Qc7 12. e4 Rb8 13. Bh6 Re8 14. h3 Bd7 15. Qd2 b6 16. Bg5 Kg7 17. d4 Qc8 18. Kh2 Na5 19. dxc5 dxc5 20. Rbd1 Bc6 21. e5 Ne4 22. Bxe4 Nxc4 23. Bf6+ 1-0